Most Popular Dutch Places - Statistics

General Stats
  • This quiz has been taken 8 times
  • The average score is 39 of 100
Answer Stats
Page views Population Place Name % Correct
1,531,868 931.298 Amsterdam
100%
250,765 246.417 Eindhoven
100%
134,376 243.768 Groningen
100%
176,057 187.049 Nijmegen
100%
508,760 670.610 Rotterdam
100%
1,016,436 566.221 The Hague
100%
931,086 374.411 Utrecht
100%
48,310 168.211 Apeldoorn
83%
155,684 167.632 Arnhem
83%
146,563 188.078 Breda
83%
156,765 160.757 Den Bosch
83%
22,471 109.346 Emmen
83%
228,673 125.203 Maastricht
83%
80,451 229.836 Tilburg
83%
98,106 133.141 Zwolle
83%
70,552 112.304 Alkmaar
67%
76,006 161.825 Amersfoort
67%
28,225 69.691 Assen
67%
154,596 109.573 Delft
67%
59,861 122.089 Dordrecht
67%
103,182 161.738 Enschede
67%
156,829 167.636 Haarlem
67%
158,975 130.067 Leiden
67%
80,132 226.500 Almere
50%
22,068 114.966 Alphen aan den Rijn
50%
34,491 69.694 Bergen op Zoom
50%
30,899 56.432 Den Helder
50%
60,184 103.415 Deventer
50%
32,205 123.532 Ede
50%
59,835 75.763 Gouda
50%
20,318 95.874 Helmond
50%
40,443 75.645 Hoorn
50%
30,961 32.490 IJmuiden
50%
101,695 128.857 Leeuwarden
50%
40,852 84.080 Lelystad
50%
43,936 94.634 Oss
50%
15,871 78.110 Roosendaal
50%
29,306 42.579 Wageningen
50%
82,540 81.465 Zaandam
50%
23,551 74.317 Almelo
33%
63,654 95.014 Amstelveen
33%
101,643 7.077 Baarle-Nassau
33%
41,162 698 Bourtange
33%
22,037 37.146 Edam
33%
17,680 18.895 Enkhuizen
33%
65,419 2.759 Giethoorn
33%
24,620 83.058 Hengelo
33%
57,800 94.426 Hilversum
33%
22,441 50.847 Houten
33%
16,854 56.177 Kampen
33%
27,760 45.311 Kerkrade
33%
41,399 50.004 Middelburg
33%
19,073 95.168 Purmerend
33%
42,024 60.743 Roermond
33%
22,833 37.635 Sittard
33%
17,139 37.505 Uden
33%
58,609 21.958 Urk
33%
39,878 45.410 Vlissingen
33%
46,814 22.745 Volendam
33%
15,624 50.310 Waalwijk
33%
22,373 66.623 Zeist
33%
20,848 48.752 Zutphen
33%
41,036 3.570 Bergentheim
17%
42,552 10.780 Breukelen
17%
18,882 14.155 Brielle
17%
16,048 36.366 Castricum
17%
18,290 59.623 Doetinchem
17%
23,251 4.590 Egmond aan Zee
17%
25,326 38.682 Gorinchem
17%
28,828 24.359 Haaksbergen
17%
26,815 87.498 Heerlen
17%
51,086 79.895 Hoofddorp
17%
15,411 23.447 Lisse
17%
20,347 1.730 Marken
17%
22,914 45.734 Noordwijk
17%
23,616 24.231 Nuenen
17%
18,441 31.794 Oldenzaal
17%
18,882 972 Schiermonnikoog
17%
15,759 23.730 's-Gravenzande
17%
18,964 34.850 Sneek
17%
20,402 55.128 Terneuzen
17%
19,625 16.431 Valkenburg aan de Geul
17%
15,660 34.455 Veghel
17%
34,125 46.827 Veldhoven
17%
21,116 76.409 Vlaardingen
17%
15,836 53.730 Woerden
17%
40,284 17.473 Zandvoort
17%
30,677 22.553 Zundert
17%
19,702 24.639 Borne
0%
16,112 33.979 Boxtel
0%
21,904 955 Britsum
0%
16,196 35.725 Coevorden
0%
25,481 43.718 de Bilt
0%
17,494 10.680 Doorn
0%
36,750 790 Kinderdijk
0%
22,058 27.708 Leiderdorp
0%
26,850 18.225 Naarden
0%
15,404 23.152 Sluis
0%
19,387 73.405 Spijkenisse
0%
37,356 2.145 Wintelre
0%
No matching quizzes found
Score Distribution
Percent of People with Each Score
Percentile by Number Answered
Your Score History
You have not taken this quiz